000 01071nam0a22003731 4500
001 RU\NLR\A1SV\10073
005 20251203171251.9
035 _a(NLR Aleph) 009695557
090 _a9757341
_c9757341
100 _a19990219d1923 u y0rusy50 ca
101 0 _arus
102 _aRU
200 1 _aСтрана чудес
_eФантаст. роман
_fРоберт Блэчфорд
_gПер. с англ. Б.Лебедева
210 _aМ.
_aПг.
_cГос. изд.
_d1923
215 _a268, [1] с.
_d15 см
225 _aВсеобщ. б-ка
_vN 50
300 _aСер. указана на обл.
620 _dМосква
620 _dСанкт-Петербург
700 1 _aБлэчфорд
_bР.
_f1851-1943
_gРоберт
702 1 _aЛебедев
_bБ.
801 0 _aRU
_bNLR
_c19990219
852 _aNLR
_j17.137.2.1-50
899 _aLatNB
899 _aSLK
899 _aРГБ
899 _aКирОУНБ
899 _aNBKM
899 _aРКП
899 _aНБЛ КГУ
942 _cBOOK
980 _aNB
980 _aA1SV